000 00799nam a2200277 a 4500
001 vtls001527537
003 NLI
005 20210627144826.0
008 121212s1950 enk 000 0 eng
039 9 _y201212121612
_zVLOAD
040 0 _aNLI
_beng
_cXData_1
_eAACR2
041 1 _aeng
044 _aenk
082 _a178
245 0 0 _aThirteen principal Upanishads /
_ctranslated from the Sanskrit by Robert Ernest Hume
260 _aLondon :
_bOxford University Press,
_c1950
300 _a583 ;
_c21 cm.
500 _aLibrary has 2 cops.
650 0 _aHinduism
700 1 _aHume, Robert Ernest,
_4trl
_9757091
887 _a
901 _aIMP290391
_b22.08.1951
_9c.2
902 _a178 C 1171
949 _AVIRTUAITEM
_D10000
_X100
_6IMP000290391ENG
_9.
942 _2ddc
_cBKS
999 _aVIRTUA40
_c977905
_d977905